| 000 | 00353nam a2200145Ia 4500 | ||
|---|---|---|---|
| 008 | 211109s9999||||xx |||||||||||||| ||und|| | ||
| 082 |
_a954 _bEWE-H |
||
| 100 | _aE W, E W | ||
| 245 | 0 | _aHistory of India | |
| 260 |
_bNATIONAL BOOKSTALL _aKottayam _c1950 |
||
| 300 | _a438p. | ||
| 630 | _xGeneral Stack | ||
| 650 |
_aIndian history _xHistory |
||
| 942 | _cBOOK | ||
| 999 |
_c442 _d442 |
||